| 000 | 00657cab a22001935a 4500 | ||
|---|---|---|---|
| 001 | L147742 | ||
| 008 | 090612s2009 xxk g 000 0 eng d | ||
| 035 | _a(Sirsi) u147742 | ||
| 041 | 0 | _aeng | |
| 100 | 1 | _aMartin, Diane | |
| 245 | 0 | 0 | _aHow land prices have been measured in England and Wales |
| 260 | _c2009 | ||
| 490 |
_aFarmland Market _v27 Spring 2009, 21(1) |
||
| 520 | _aA short history of how farmland prices have been measured in official prices series in England & Wales since 1970. | ||
| 590 | _aKA | ||
| 651 | 4 |
_aEngland and Wales _y1543- |
|
| 690 | _aPROPERTY-RURAL AND NATURAL ASSETS-AGRICULTURAL PROPERTY-AGRICULTURAL LAND | ||
| 942 | _n0 | ||
| 999 |
_c81625 _d81625 |
||